<?xml version="1.0" encoding="UTF-8"?>
<record
    xmlns:xsi="http://www.w3.org/2001/XMLSchema-instance"
    xsi:schemaLocation="http://www.loc.gov/MARC21/slim http://www.loc.gov/standards/marcxml/schema/MARC21slim.xsd"
    xmlns="http://www.loc.gov/MARC21/slim">

  <leader>00988naa a2200193 i 4500</leader>
  <controlfield tag="001">9760</controlfield>
  <controlfield tag="003">KOSZ 005</controlfield>
  <controlfield tag="005">20180409131114.0</controlfield>
  <controlfield tag="008">180409s2009    uk     fs    |100 0 eng</controlfield>
  <datafield tag="040" ind1=" " ind2=" ">
    <subfield code="c">KOSZ 005/HR</subfield>
    <subfield code="a">KOSZ 005/HR</subfield>
  </datafield>
  <datafield tag="041" ind1=" " ind2=" ">
    <subfield code="a">eng</subfield>
  </datafield>
  <datafield tag="100" ind1=" " ind2=" ">
    <subfield code="a">KOZIO&#x141;, Piotr.</subfield>
    <subfield code="d">1999 - 2012.</subfield>
    <subfield code="b">Politechnika Koszali&#x144;ska - Wydzia&#x142; Budownictwa i In&#x17C;ynierii &#x15A;rodowiska</subfield>
  </datafield>
  <datafield tag="245" ind1="1" ind2="0">
    <subfield code="a">Wavelet analysis of beam-soil structure response for fast moving train /</subfield>
    <subfield code="c">Zdzis&#x142;aw Hryniewicz, Piotr Kozio&#x142;, C. Mares.</subfield>
  </datafield>
  <datafield tag="655" ind1=" " ind2="0">
    <subfield code="a">Materia&#x142;y konferencyjne.</subfield>
  </datafield>
  <datafield tag="700" ind1=" " ind2=" ">
    <subfield code="a">HRYNIEWICZ, Zdzis&#x142;aw.</subfield>
    <subfield code="b">Politechnika Koszali&#x144;ska - Wydzia&#x142; Budownictwa i In&#x17C;ynierii &#x15A;rodowiska,</subfield>
    <subfield code="d">1999 - 2012.</subfield>
    <subfield code="c">Katedra Matematyki</subfield>
  </datafield>
  <datafield tag="711" ind1="2" ind2="2">
    <subfield code="a">International Conference on Modern Practice in Stress and Vibration Analysis</subfield>
    <subfield code="n">(7 ;</subfield>
    <subfield code="c">2009 ;</subfield>
    <subfield code="d">Cambridge, Wielka Brytania)</subfield>
  </datafield>
  <datafield tag="773" ind1="0" ind2=" ">
    <subfield code="i">W :</subfield>
    <subfield code="t">Journal of Physics. Conference Series. -</subfield>
    <subfield code="d">Bristol : IOP Publ., 2009. -</subfield>
    <subfield code="g">Vol. 181, s. 1-8.</subfield>
    <subfield code="x">1742-6596</subfield>
  </datafield>
  <datafield tag="942" ind1=" " ind2=" ">
    <subfield code="c">ROZ</subfield>
    <subfield code="2">UKD</subfield>
  </datafield>
  <datafield tag="999" ind1=" " ind2=" ">
    <subfield code="c">9760</subfield>
    <subfield code="d">9760</subfield>
  </datafield>
</record>
